Sistema personal de atención de llamadas.
Na minha lista:
| Autor principal: | |
|---|---|
| Formato: | Livro |
| Publicado em: |
[San José , Costa Rica]
1995
|
| Assuntos: | |
| Tags: |
Adicionar Tag
Sem tags, seja o primeiro a adicionar uma tag!
|
MARC
| LEADER | 00000nam a2200000Ia 4500 | ||
|---|---|---|---|
| 003 | 007705 | ||
| 005 | 20221231144253.0 | ||
| 008 | 140114s1995 cr a m 000 ||s d | ||
| 040 | |c cru CEDI | ||
| 090 | |a TFG 3305 | ||
| 100 | |a Rojas Fernández, Juan Carlos |9 10710 | ||
| 245 | |a Sistema personal de atención de llamadas. | ||
| 260 | |c 1995 |a [San José , Costa Rica] | ||
| 300 | |a vii, 77 páginas. | ||
| 500 | |a Proyecto de graduación (bachillerato en ingeniería eléctrica)--Universidad de Costa Rica. Facultad de Ingeniería. Escuela de Ingeniería Eléctrica | ||
| 650 | |x MICROCONTROLADORES |x INTEL 8050 |x SISTEMAS DE TELECOMUNICACION |9 10711 | ||
| 942 | |c TFG |2 ddc | ||
| 999 | |c 19384 |d 19384 | ||
